[Event "Doeberl Cup Major 47th"]
[Site "Canberra"]
[Date "2009.04.12"]
[Round "5"]
[White "Staak, Eric"]
[Black "Draup, Zamhari"]
[Result "1-0"]
[WhiteElo "1519"]
[BlackElo "1636"]
[PlyCount "83"]
[EventDate "2009.04.10"]
[EventType "swiss"]
[EventRounds "6"]
[EventCountry "AUS"]
[SourceTitle "CBM 129 Extra"]
[Source "ChessBase"]
[SourceDate "2009.05.05"]
[SourceVersion "2"]
[SourceVersionDate "2009.05.20"]
[SourceQuality "1"]

1. e4 e6 2. d4 d5 3. Bd3 c5 4. exd5 Qxd5 5. Nf3 Bd7 6. Nc3 Qc6 7. Be4 Qc8 8. d5 f5 9. dxe6 fxe4 10. exd7+ Qxd7 11. Qxd7+ Nxd7 12. Nxe4 0-0-0 13. 0-0 Re8 14. Nc3 Bd6 15. Be3 a6 16. Rad1 Bc7 17. g3 Ngf6 18. Na4 b6 19. c4 h5 20. Nc3 Ne5 21. Nxe5 Bxe5 22. Nd5 Nxd5 23. Rxd5 Bxb2 24. Rb1 Ba3 25. Rxb6 Re4 26. Bxc5 Bxc5 27. Rxc5+ Kd7 28. Rxa6 h4 29. Rg5 Re1+ 30. Kg2 h3+ 31. Kf3 Rf8+ 32. Kg4 Re7 33. Ra7+ Ke8 34. Rxe7+ Kxe7 35. Rxg7+ Kd6 36. f4 Kc5 37. Kxh3 Kxc4 38. Kg2 Ra8 39. h4 Rxa2+ 40. Kh3 Ra8 41. h5 Rh8 42. g4 1-0

[Event "Doeberl Cup Major 47th"]
[Site "Canberra"]
[Date "2009.04.10"]
[Round "1"]
[White "Draup, Zamhari"]
[Black "Yu, Michael"]
[Result "0-1"]
[WhiteElo "1656"]
[BlackElo "1948"]
[PlyCount "52"]
[EventDate "2009.04.10"]
[EventType "swiss"]
[EventRounds "6"]
[EventCountry "AUS"]
[SourceTitle "CBM 129 Extra"]
[Source "ChessBase"]
[SourceDate "2009.05.05"]
[SourceVersion "2"]
[SourceVersionDate "2009.05.20"]
[SourceQuality "1"]

1. d4 d5 2. Nf3 Nf6 3. e3 Bg4 4. Be2 e6 5. h3 Bh5 6. c4 Be7 7. Nc3 0-0 8. c5 c6 9. 0-0 Nbd7 10. Bd2 Bg6 11. Nh2 h6 12. b4 e5 13. dxe5 Nxe5 14. f4 Ned7 15. f5 Bh7 16. Rb1 Ne5 17. Rf4 Qd7 18. g4 g5 19. Rf2 Rad8 20. Rg2 d4 21. exd4 Qxd4+ 22. Kh1 Qxd2 23. Qb3 Qe3 24. Rbg1 Rd2 25. Rg3 Qf4 26. Re3 Qxe3 0-1